Statistics for TOP 10 Smallest Countries in North America by Population

Click here to take the quiz!

General Stats

  • This quiz has been taken 131 times
  • The average score is 9 of 10

Answer Stats

PopulationCountry% Correct
52,000Saint Kitts and Nevis
96%
256,000Barbados
91%
172,000Saint Lucia
91%
88,000Antigua and Barbuda
89%
104,000Grenada
87%
67,000Dominica
86%
109,000Saint Vincent and the Grenadines
86%
342,000Bahamas
85%
1,339,000Trinidad and Tobago
81%
307,000Belize
70%

Score Distribution

Percentile by Number Answered

Percent of People with Each Score

Your Score History

You have not taken this quiz